[Event "34 OFSz o Puchar Prezydenta Miasta Zabrz"]
[Site "Zabrze ul. Matejki 6"]
[Date "2011.09.24"]
[Round "3.3"]
[White "Kastelik, Adrian"]
[Black "Piesik, Piotr"]
[Result "1/2-1/2"]
[WhiteElo "2048"]
[BlackElo "2206"]
[PlyCount "72"]
[EventDate "2011.??.??"]

1. e4 e6 2. d4 d5 3. e5 c5 4. Qg4 Qa5+ 5. Bd2 Qb6 6. b3 cxd4 7. Nf3 Nc6 8. Bd3
Nb4 9. O-O Nxd3 10. cxd3 Bd7 11. Qxd4 Qxd4 12. Nxd4 Bc5 13. Be3 Ne7 14. Nc3
Bxd4 15. Bxd4 Nf5 16. Ne2 Bb5 17. Rfd1 a5 18. a4 Ba6 19. Bb6 Kd7 20. Rac1 Rhc8
21. Bxa5 Rxc1 22. Nxc1 Bxd3 23. Nxd3 Rxa5 24. b4 Ra8 25. Nc5+ Ke8 26. a5 Rb8
27. b5 Ne7 28. Ra1 Kd8 29. b6 Nc6 30. f4 Ke7 31. Kf2 f6 32. Nxb7 Rxb7 33. a6
Rxb6 34. a7 Nxa7 35. Rxa7+ Kf8 36. exf6 gxf6 1/2-1/2

[Event "34 OFSz o Puchar Prezydenta Miasta Zabrz"]
[Site "Zabrze ul. Matejki 6"]
[Date "2011.09.24"]
[Round "3.4"]
[White "Sroka, Janusz"]
[Black "Juroszek, Tadeusz"]
[Result "1/2-1/2"]
[WhiteElo "2080"]
[BlackElo "2335"]
[PlyCount "22"]
[EventDate "2011.??.??"]

1. e4 e5 2. Nf3 Nc6 3. Bc4 Bc5 4. O-O Nf6 5. d4 exd4 6. e5 d5 7. exf6 dxc4 8.
Re1+ Be6 9. Ng5 Qd5 10. Nc3 Qf5 11. Nce4 Bf8 1/2-1/2

[Event "34 OFSz o Puchar Prezydenta Miasta Zabrz"]
[Site "Zabrze ul. Matejki 6"]
[Date "2011.09.24"]
[Round "3.5"]
[White "Czornik, Janusz"]
[Black "Jelen, Janusz"]
[Result "0-1"]
[WhiteElo "1838"]
[BlackElo "2013"]
[PlyCount "100"]
[EventDate "2011.??.??"]

1. e4 e5 2. Nf3 Nc6 3. Bc4 Be7 4. c3 d6 5. Qe2 Nf6 6. h3 a6 7. Bb3 O-O 8. d3
Nd7 9. Nbd2 Nc5 10. Bd5 Ne6 11. Nf1 Nf4 12. Bxf4 exf4 13. Qd2 Ne5 14. O-O-O c6
15. Bb3 Be6 16. Qxf4 Bxb3 17. axb3 b5 18. Ne3 Ng6 19. Qg3 Re8 20. Nf5 Bf8 21.
h4 Qf6 22. Qg5 Qe6 23. N3d4 Qd7 24. h5 Ne5 25. f4 f6 26. Qg3 Nf7 27. Nxg7 Bxg7
28. Nf5 Nh6 29. Nxh6+ Kh8 30. Nf5 Rg8 31. Qh4 Qe6 32. Nd4 Qf7 33. h6 Bf8 34. g4
c5 35. Nf5 Rg6 36. c4 a5 37. Kd2 bxc4 38. bxc4 Qb7 39. Rb1 a4 40. Qe1 Rb8 41.
Ke3 Rxg4 42. Qc3 Qf7 43. b3 Qg6 44. bxa4 Re8 45. Kf3 Rg2 46. Rh4 Be7 47. Rbh1
Rg8 48. R1h3 Rg1 49. Qb2 Rf1+ 50. Ke3 Qg1+ 0-1

[Event "34 OFSz o Puchar Prezydenta Miasta Zabrz"]
[Site "Zabrze ul. Matejki 6"]
[Date "2011.09.24"]
[Round "3.6"]
[White "Radzikowski, Dawid"]
[Black "Gora, Tomasz"]
[Result "1/2-1/2"]
[WhiteElo "2019"]
[BlackElo "1849"]
[PlyCount "60"]
[EventDate "2011.??.??"]

1. e4 e6 2. d4 d5 3. exd5 exd5 4. Bd3 Bd6 5. Ne2 Bg4 6. f3 Bh5 7. Bf4 Nf6 8.
Qd2 Nc6 9. Nbc3 Bg6 10. Bg5 Bxd3 11. Qxd3 Nb4 12. Qf5 Be7 13. O-O-O g6 14. Qh3
c6 15. Rhe1 O-O 16. Nf4 Re8 17. a3 Na6 18. Rxe7 Qxe7 19. Nfxd5 cxd5 20. Nxd5
Nxd5 21. Bxe7 Rxe7 22. c3 Rae8 23. Rd2 Nac7 24. Qh6 b5 25. h4 a5 26. h5 Re1+
27. Kc2 a4 28. hxg6 hxg6 29. g3 Ne3+ 30. Kd3 Nc4 1/2-1/2

[Event "34 OFSz o Puchar Prezydenta Miasta Zabrz"]
[Site "Zabrze ul. Matejki 6"]
[Date "2011.09.24"]
[Round "3.7"]
[White "Korcz, Daniel"]
[Black "Ekert, Mariusz"]
[Result "1-0"]
[WhiteElo "1833"]
[BlackElo "1957"]
[PlyCount "93"]
[EventDate "2011.??.??"]

1. e4 e6 2. d4 d5 3. exd5 exd5 4. Nf3 Bd6 5. Bd3 Bg4 6. O-O Ne7 7. Re1 Nbc6 8.
c3 Qd7 9. b4 O-O 10. Nbd2 Rfe8 11. Qc2 h6 12. a4 Bh5 13. Ba3 Bg6 14. b5 Na5 15.
Ne5 Bxe5 16. Rxe5 Bxd3 17. Qxd3 Ng6 18. Ree1 Rxe1+ 19. Rxe1 Re8 20. Rxe8+ Qxe8
21. Qe3 Qxe3 22. fxe3 f5 23. Bb4 Nc4 24. Nxc4 dxc4 25. Kf2 Kf7 26. e4 fxe4 27.
Ke3 Nh4 28. g3 Nf3 29. h4 Kf6 30. Kxe4 Nd2+ 31. Kf4 h5 32. g4 hxg4 33. Kxg4 Ne4
34. Kf4 Nd2 35. d5 Nb3 36. d6 cxd6 37. Bxd6 a6 38. h5 axb5 39. axb5 Nc1 40.
Be5+ Kf7 41. Ke3 g6 42. h6 Kg8 43. Kd4 Nb3+ 44. Kxc4 Nd2+ 45. Kd5 Kh7 46. c4
Kxh6 47. Bf4+ 1-0

[Event "34 OFSz o Puchar Prezydenta Miasta Zabrz"]
[Site "Zabrze ul. Matejki 6"]
[Date "2011.09.24"]
[Round "3.8"]
[White "Klementys, Jerzy"]
[Black "Galyga, Jozef"]
[Result "0-1"]
[WhiteElo "1825"]
[BlackElo "1953"]
[PlyCount "92"]
[EventDate "2011.??.??"]

1. d4 e6 2. c4 f5 3. Nf3 Nf6 4. e3 Be7 5. Nc3 O-O 6. Bd3 b6 7. O-O Bb7 8. Re1
Ne4 9. Qc2 Nc6 10. a3 d5 11. b4 Nxc3 12. Qxc3 a6 13. Qc2 Qd7 14. Bd2 dxc4 15.
Bxc4 Nd8 16. Ne5 Qe8 17. Rac1 Bd6 18. Ba2 Bxe5 19. dxe5 Qg6 20. g3 Qg4 21. e4
Rc8 22. Qd1 Qh3 23. f3 Qh5 24. f4 Qh3 25. Bb1 Nf7 26. Qe2 Nh6 27. Rc3 Rfd8 28.
exf5 Nxf5 29. Bxf5 Qxf5 30. Rec1 Rd7 31. Be1 Bd5 32. Bf2 b5 33. Qe1 Bc4 34. Qe3
Rcd8 35. Be1 h6 36. Qf2 Rd4 37. Re3 Rd3 38. Rxd3 Rxd3 39. Rc3 Qe4 40. Rxd3 Qxd3
41. Qd2 Qe4 42. Qf2 Bd5 43. Kf1 Qh1+ 44. Ke2 Bc4+ 45. Kd1 Qe4 46. Bd2 Bb3+ 0-1

[Event "34 OFSz o Puchar Prezydenta Miasta Zabrz"]
[Site "Zabrze ul. Matejki 6"]
[Date "2011.??.??"]
[Round "3.9"]
[White "Szczecina, Kamil"]
[Black "Semik, Tomasz"]
[Result "1-0"]
[WhiteElo "1772"]
[BlackElo "1878"]
[PlyCount "123"]
[EventDate "2011.??.??"]

1. e4 d6 2. d4 Nf6 3. Bd3 e5 4. d5 g6 5. Ne2 Bg7 6. c4 O-O 7. Nbc3 a5 8. f3 Na6
9. Be3 Ne8 10. Qd2 Nc5 11. O-O-O b6 12. g4 f5 13. gxf5 gxf5 14. f4 fxe4 15.
Bxe4 Nxe4 16. Nxe4 Nf6 17. Nxf6+ Qxf6 18. fxe5 dxe5 19. Ng3 Qh4 20. Qd3 Bh3 21.
Rhg1 Kh8 22. Qe4 Qxe4 23. Nxe4 Rf3 24. Rg3 Raf8 25. Ng5 Rxg3 26. hxg3 Bh6 27.
Rh1 Bxg5 28. Bxg5 Bg4 29. Re1 Kg7 30. Rxe5 Rf1+ 31. Kc2 Rf2+ 32. Kc3 Bd1 33.
Re7+ Kg6 34. Bf4 Rc2+ 35. Kd3 Rxb2 36. Bxc7 Rxa2 37. d6 Bg4 38. d7 Bxd7 39.
Rxd7 Ra3+ 40. Kc2 Ra4 41. Kb3 Rb4+ 42. Kc3 b5 43. Rd6+ Kf7 44. cxb5 Rxb5 45.
Kc4 Rf5 46. Rd5 Rf3 47. Rxa5 Kg6 48. Kd4 Rf1 49. Bf4 Re1 50. Rg5+ Kf6 51. Rh5
Rd1+ 52. Ke4 Rd7 53. Rh6+ Kg7 54. Rc6 Rd1 55. Kf5 Rd5+ 56. Be5+ Kg8 57. Rc8+
Kf7 58. Rc7+ Kg8 59. Rg7+ Kf8 60. Rxh7 Ra5 61. Rb7 Ra2 62. Kg6 1-0

[Event "34 OFSz o Puchar Prezydenta Miasta Zabrz"]
[Site "Zabrze ul. Matejki 6"]
[Date "2011.09.24"]
[Round "3.10"]
[White "Czarnecki, Artur"]
[Black "Mostowski, Boguslaw"]
[Result "1-0"]
[WhiteElo "1870"]
[BlackElo "1807"]
[PlyCount "73"]
[EventDate "2011.??.??"]

1. e4 c5 2. Nc3 Nc6 3. g3 g6 4. Bg2 Bg7 5. d3 d6 6. f4 e6 7. Nf3 Nge7 8. O-O
O-O 9. Be3 Nd4 10. Rb1 Nec6 11. Ne2 Qa5 12. a3 Qa4 13. Nexd4 cxd4 14. Bf2 Bd7
15. Re1 Rfd8 16. Kh1 Rac8 17. Qe2 e5 18. h3 Re8 19. Nh4 exf4 20. gxf4 f5 21.
Qd2 Ne7 22. Rbc1 Qb5 23. b3 Rc3 24. Nf3 Nc6 25. Nxd4 Nxd4 26. Qxc3 Ne2 27. Qd2
Nxc1 28. Rxc1 Bb2 29. Rd1 Bxa3 30. Bd4 Bc5 31. Bb2 Qb4 32. Bc3 Qb5 33. b4 Bb6
34. Bb2 Qc6 35. c4 Be6 36. Qc3 Qd7 37. Qh8+ 1-0

[Event "34 OFSz o Puchar Prezydenta Miasta Zabrz"]
[Site "Zabrze ul. Matejki 6"]
[Date "2011.09.24"]
[Round "3.11"]
[White "Drela, Michal"]
[Black "Pawlowski, Maciej"]
[Result "1/2-1/2"]
[WhiteElo "1459"]
[BlackElo "1495"]
[PlyCount "62"]
[EventDate "2011.??.??"]

1. e4 e6 2. d4 d5 3. exd5 exd5 4. Bd3 Bd6 5. Ne2 Nf6 6. Bf4 O-O 7. O-O c6 8.
Nd2 Re8 9. Bg3 b6 10. c3 Ba6 11. Nf3 Bxd3 12. Qxd3 Ne4 13. Bxd6 Qxd6 14. Ng3
Nd7 15. Rfe1 Ndf6 16. Ne5 Nxg3 17. hxg3 Ne4 18. Rad1 f6 19. Ng4 Qd7 20. Ne3 f5
21. c4 Qf7 22. cxd5 cxd5 23. Qb5 Rad8 24. Rc1 f4 25. gxf4 Qxf4 26. f3 Nf6 27.
Qd3 g6 28. Rcd1 Qg3 29. Qd2 Rc8 30. Nf1 Rxe1 31. Rxe1 Qd6 1/2-1/2

[Event "34 OFSz o Puchar Prezydenta Miasta Zabrz"]
[Site "Zabrze ul. Matejki 6"]
[Date "2011.09.24"]
[Round "3.12"]
[White "Gromada, Andrzej"]
[Black "Tomaka, Marek"]
[Result "0-1"]
[WhiteElo "1989"]
[BlackElo "1582"]
[PlyCount "88"]
[EventDate "2011.??.??"]

1. e4 c5 2. Nf3 e6 3. d4 cxd4 4. Nxd4 Nf6 5. Nc3 Bb4 6. Bd3 Nc6 7. Nde2 d5 8.
exd5 Nxd5 9. Bd2 O-O 10. O-O b6 11. Nxd5 Bxd2 12. Qxd2 Qxd5 13. Nf4 Qd8 14.
Rad1 Bb7 15. Qe3 Qg5 16. c3 Ne5 17. Nd5 Qxe3 18. Nxe3 Rfd8 19. Bc2 Ng6 20. f3
Kf8 21. Rfe1 Rxd1 22. Rxd1 Ke7 23. Nc4 Bd5 24. Bb3 Rd8 25. Kf2 b5 26. Na5 Ne5
27. Rd4 Bxb3 28. Nxb3 Nd3+ 29. Ke3 Nxb2 30. Rxd8 Kxd8 31. Kd4 Kc7 32. Nc5 Nc4
33. f4 Kc6 34. Ne4 h6 35. h4 Nd6 36. Ng3 Nf5+ 37. Nxf5 exf5 38. Ke5 Kc5 39.
Kxf5 Kc4 40. h5 Kxc3 41. g4 b4 42. g5 Kb2 43. Kg4 Kxa2 44. f5 f6 0-1

[Event "34 OFSz o Puchar Prezydenta Miasta Zabrz"]
[Site "Zabrze ul. Matejki 6"]
[Date "2011.09.24"]
[Round "3.13"]
[White "Czornik, Adam"]
[Black "Michalak, Natalia"]
[Result "1-0"]
[WhiteElo "1758"]
[BlackElo "1385"]
[PlyCount "79"]
[EventDate "2011.??.??"]

1. e4 e5 2. Nf3 Nf6 3. Nxe5 d6 4. Nf3 Nxe4 5. d3 Nf6 6. Bg5 g6 7. Nc3 d5 8.
Qe2+ Be6 9. Nd4 Qe7 10. O-O-O Bg4 11. Qxe7+ Bxe7 12. Re1 O-O 13. Rxe7 c5 14.
Bxf6 cxd4 15. Nxd5 Nc6 16. Re1 Rfe8 17. Rxe8+ Rxe8 18. f3 Bd7 19. Kd2 Be6 20.
Nc7 Rc8 21. Nxe6 fxe6 22. g4 Kf7 23. g5 h6 24. h4 h5 25. Bh3 Nb4 26. c3 dxc3+
27. bxc3 Nd5 28. Re1 Nf4 29. Bf1 Rc6 30. Rb1 b6 31. c4 e5 32. Bxe5 Ne6 33. d4
Nc7 34. d5 Rc5 35. Bd6 Ra5 36. Bxc7 Rxa2+ 37. Ke3 Ra3+ 38. Ke4 Ke7 39. Bh3 Ra4
40. Kd4 1-0

[Event "34 OFSz o Puchar Prezydenta Miasta Zabrz"]
[Site "Zabrze ul. Matejki 6"]
[Date "2011.09.25"]
[Round "4.1"]
[White "Mulet, Piotr"]
[Black "Malaniuk, Vladimir P"]
[Result "0-1"]
[WhiteElo "2284"]
[BlackElo "2496"]
[PlyCount "78"]
[EventDate "2011.??.??"]

1. Nf3 d6 2. e4 Nf6 3. Nc3 e5 4. d4 Nbd7 5. Bc4 Be7 6. O-O O-O 7. a4 c6 8. Re1
a5 9. b3 Nb6 10. Bf1 exd4 11. Nxd4 d5 12. e5 Ne8 13. Bd3 g6 14. Bh6 Ng7 15.
Nce2 Nd7 16. Nf4 Nc5 17. e6 fxe6 18. Bxg6 hxg6 19. Nxg6 Rf6 20. Qg4 Rxg6 21.
Qxg6 Qf8 22. Bxg7 Qxg7 23. Qe8+ Bf8 24. Re3 Ne4 25. Rf3 Nf6 26. Qd8 Qe7 27.
Qxe7 Bxe7 28. Re1 Ne4 29. h3 Bd7 30. g4 Bc5 31. Ne2 Ng5 32. Rd3 Rf8 33. Rf1 e5
34. Kg2 e4 35. Rdd1 Nf3 36. c3 Nh4+ 37. Kg3 Rf3+ 38. Kh2 Bd6+ 39. Ng3 e3 0-1

[Event "34 OFSz o Puchar Prezydenta Miasta Zabrz"]
[Site "Zabrze ul. Matejki 6"]
[Date "2011.09.25"]
[Round "4.4"]
[White "Kielar, Maciej"]
[Black "Czarnecki, Artur"]
[Result "1-0"]
[WhiteElo "2098"]
[BlackElo "1870"]
[PlyCount "85"]
[EventDate "2011.??.??"]

1. g3 d5 2. Bg2 e5 3. c4 dxc4 4. Qa4+ c6 5. Qxc4 Be6 6. Qc2 Nf6 7. Nf3 Qc7 8.
Nc3 Bc5 9. O-O O-O 10. Na4 Be7 11. b3 Nbd7 12. Bb2 Nd5 13. d4 Nb4 14. Qb1 Rad8
15. a3 Nd5 16. dxe5 b5 17. Nc3 N5b6 18. Nd4 Nxe5 19. Nxe6 fxe6 20. Qc2 Ng6 21.
Nxb5 Qb8 22. Nd4 Qc8 23. Nxc6 Bg5 24. f4 Bf6 25. Bxf6 Rxf6 26. Rac1 Rd7 27.
Rfd1 Rf8 28. Rxd7 Qxd7 29. Rd1 Qf7 30. a4 Nd5 31. Bxd5 exd5 32. Qc5 Nxf4 33.
gxf4 Qg6+ 34. Kf1 Rxf4+ 35. Ke1 Qh6 36. Qxd5+ Kf8 37. Qd8+ Kf7 38. Qe7+ Kg6 39.
Rd6+ Rf6 40. Qe4+ Kh5 41. Qf3+ Kg6 42. Ne5+ Kg5 43. Qg4# 1-0

[Event "34 OFSz o Puchar Prezydenta Miasta Zabrz"]
[Site "Zabrze ul. Matejki 6"]
[Date "2011.09.25"]
[Round "4.6"]
[White "Jelen, Janusz"]
[Black "Szczecina, Kamil"]
[Result "1/2-1/2"]
[WhiteElo "2013"]
[BlackElo "1772"]
[PlyCount "92"]
[EventDate "2011.??.??"]

1. d4 Nf6 2. c4 c5 3. e3 cxd4 4. exd4 d5 5. Nc3 e6 6. cxd5 Nxd5 7. Nf3 Bb4 8.
Bd2 O-O 9. Bd3 Be7 10. O-O b6 11. a3 Bb7 12. Qe2 Nd7 13. Rfe1 N7f6 14. Ne5 Rc8
15. Ne4 h6 16. Rac1 Rxc1 17. Rxc1 Qa8 18. Nxf6+ Nxf6 19. f3 Rc8 20. Bc4 Bd5 21.
Ba6 Rxc1+ 22. Bxc1 Qd8 23. Be3 Qc7 24. Bd3 Bd6 25. Qc2 Qxc2 26. Bxc2 Kf8 27.
Kf2 Ke7 28. g3 Nd7 29. Nd3 Nf6 30. Nf4 Bc6 31. Bb3 Nd5 32. Nxd5+ Bxd5 33. Bc2
f5 34. h4 Kf6 35. f4 h5 36. Bd2 Ke7 37. Ke3 Kd7 38. Bd3 g6 39. Bc3 Kc7 40. Bb5
Bc6 41. Bc4 Bd5 42. Bd3 Bc6 43. b4 b5 44. Bc2 Bd5 45. a4 a6 46. a5 Kd8 1/2-1/2

[Event "34 OFSz o Puchar Prezydenta Miasta Zabrz"]
[Site "Zabrze ul. Matejki 6"]
[Date "2011.09.25"]
[Round "4.7"]
[White "Tomaka, Marek"]
[Black "Sroka, Janusz"]
[Result "0-1"]
[WhiteElo "1582"]
[BlackElo "2080"]
[PlyCount "66"]
[EventDate "2011.??.??"]

1. e4 e5 2. Nf3 d6 3. d4 exd4 4. Nxd4 Nf6 5. Nc3 Be7 6. Bc4 O-O 7. O-O c5 8.
Nde2 Nc6 9. Nf4 Ne5 10. Bd5 Rb8 11. b3 b5 12. Re1 Re8 13. Bb2 Bf8 14. Nd3 Qb6
15. Nxe5 dxe5 16. Qf3 Qc7 17. Qe2 Bd7 18. Rad1 a6 19. Ba1 Rbd8 20. a4 Qb6 21.
axb5 axb5 22. Rd2 Rb8 23. Qf3 Re7 24. Qg3 Rbe8 25. Red1 Bc8 26. Ne2 Bb7 27.
Bxb7 Qxb7 28. f3 Re6 29. Nc1 Qb6 30. Kh1 c4 31. bxc4 bxc4 32. Na2 Qa5 33. Nc1
Qxa1 0-1

[Event "34 OFSz o Puchar Prezydenta Miasta Zabrz"]
[Site "Zabrze ul. Matejki 6"]
[Date "2011.09.25"]
[Round "4.8"]
[White "Pawlowski, Maciej"]
[Black "Radzikowski, Dawid"]
[Result "0-1"]
[WhiteElo "1495"]
[BlackElo "2019"]
[PlyCount "32"]
[EventDate "2011.??.??"]

1. e4 e5 2. Nf3 Nc6 3. Bc4 Nf6 4. d4 exd4 5. e5 d5 6. Bb5 Ne4 7. Nxd4 Bc5 8.
Be3 O-O 9. Nxc6 bxc6 10. Bxc5 Nxc5 11. Bxc6 Ba6 12. Nd2 Qg5 13. Nf3 Qg4 14.
Bxd5 Rad8 15. Bxf7+ Kxf7 16. e6+ Qxe6+ 0-1

[Event "34 OFSz o Puchar Prezydenta Miasta Zabrz"]
[Site "Zabrze ul. Matejki 6"]
[Date "2011.09.25"]
[Round "4.11"]
[White "Semik, Tomasz"]
[Black "Sikora, Szymon"]
[Result "1-0"]
[WhiteElo "1878"]
[BlackElo "1533"]
[PlyCount "77"]
[EventDate "2011.??.??"]

1. c4 e5 2. Nc3 d6 3. Nf3 Nf6 4. g3 g6 5. Bg2 Bg7 6. O-O O-O 7. d3 Re8 8. Rb1
c6 9. b4 Bf5 10. e4 Be6 11. a4 Nbd7 12. Ng5 Nf8 13. Nxe6 Nxe6 14. Be3 Nc7 15.
b5 d5 16. Bg5 d4 17. Ne2 Ne6 18. Bc1 cxb5 19. Rxb5 Qc7 20. f4 a6 21. Rb1 Nd7
22. f5 Nec5 23. g4 Nb6 24. Ra1 Qd7 25. a5 Nba4 26. Qc2 Nc3 27. Rf3 Nxe2+ 28.
Qxe2 Nb3 29. Rb1 Nxa5 30. Rh3 b5 31. Qa2 Nb7 32. cxb5 axb5 33. Qb2 Nd6 34. Bh6
Bxh6 35. Rxh6 Ra7 36. Qf2 Qe7 37. f6 Qe6 38. Qh4 Qa2 39. Rf1 1-0

[Event "34 OFSz o Puchar Prezydenta Miasta Zabrz"]
[Site "Zabrze ul. Matejki 6"]
[Date "2011.09.25"]
[Round "4.12"]
[White "Czornik, Adam"]
[Black "Klementys, Jerzy"]
[Result "0-1"]
[WhiteElo "1758"]
[BlackElo "1825"]
[PlyCount "96"]
[EventDate "2011.??.??"]

1. e4 c5 2. Nf3 d6 3. d4 cxd4 4. Nxd4 Nf6 5. Nc3 a6 6. Bg5 e6 7. f4 Be7 8. Qf3
Qc7 9. O-O-O Nbd7 10. g4 b5 11. Bxf6 Nxf6 12. g5 Nd7 13. f5 Bxg5+ 14. Kb1 Ne5
15. Qh5 Qd8 16. Rg1 Bf6 17. fxe6 O-O 18. Bh3 g6 19. Nd5 Kh8 20. Qe2 fxe6 21.
Nxe6 Bxe6 22. Bxe6 Bg7 23. Rgf1 Qa5 24. h4 Rxf1 25. Rxf1 Re8 26. Nf4 Qb4 27. c3
Qc5 28. Bd5 Qb6 29. Ne6 Bh6 30. Ng5 b4 31. cxb4 Qxb4 32. Nf7+ Nxf7 33. Rxf7 Rc8
34. Rf1 a5 35. a3 Qd4 36. Ka2 Bg7 37. Rf2 Rb8 38. Qd2 Qe5 39. Rh2 Qg3 40. b3
Qg1 41. b4 a4 42. e5 Bxe5 43. Rh1 Qg3 44. Qc2 Rf8 45. Rh2 Qg1 46. Rh1 Qg3 47.
Bc4 Rf2 48. Be2 Rxe2 0-1

[Event "34 OFSz o Puchar Prezydenta Miasta Zabrz"]
[Site "Zabrze ul. Matejki 6"]
[Date "2011.09.25"]
[Round "4.13"]
[White "Mostowski, Boguslaw"]
[Black "Drela, Michal"]
[Result "0-1"]
[WhiteElo "1807"]
[BlackElo "1459"]
[PlyCount "110"]
[EventDate "2011.??.??"]

1. e4 c5 2. Nf3 Nc6 3. d4 cxd4 4. Nxd4 d6 5. c4 g6 6. Be3 Bg7 7. Nc3 Nf6 8. f3
O-O 9. Qd2 Bd7 10. O-O-O Qa5 11. Kb1 a6 12. g4 b5 13. h4 h5 14. Nxc6 Bxc6 15.
Nd5 Qd8 16. Nxf6+ Bxf6 17. gxh5 bxc4 18. Bxc4 Rb8 19. b3 Qc8 20. hxg6 Bxe4+ 21.
fxe4 Qxc4 22. gxf7+ Kxf7 23. Qd5+ Qxd5 24. Rxd5 Rb4 25. e5 Bxe5 26. Rf1+ Bf6
27. Ra5 Re4 28. Bg5 Ke6 29. Rxa6 Re2 30. Bxf6 exf6 31. Rd1 Rd8 32. Rh1 f5 33.
Ra4 Ke5 34. Kc1 Rc8+ 35. Kd1 Rcc2 36. Re1 Rcd2+ 37. Kc1 f4 38. Rxe2+ Rxe2 39.
Kd1 f3 40. a3 Re3 41. Kd2 f2 42. Kxe3 f1=Q 43. Re4+ Kf5 44. Rb4 Qc1+ 45. Kd3
Qxa3 46. Rb5+ Ke6 47. h5 Qa6 48. Kc4 d5+ 49. Kb4 Qd6+ 50. Rc5 d4 51. Kc4 d3 52.
h6 Kf6 53. b4 d2 54. h7 Kg7 55. Rh5 Kh8 0-1

[Event "34 OFSz o Puchar Prezydenta Miasta Zabrz"]
[Site "Zabrze ul. Matejki 6"]
[Date "2011.09.25"]
[Round "5.1"]
[White "Malaniuk, Vladimir P"]
[Black "Piesik, Piotr"]
[Result "1-0"]
[WhiteElo "2496"]
[BlackElo "2206"]
[PlyCount "159"]
[EventDate "2011.??.??"]

1. d4 d5 2. c4 dxc4 3. e3 e5 4. Bxc4 exd4 5. exd4 Nf6 6. Nf3 Bd6 7. Qe2+ Qe7 8.
Qxe7+ Bxe7 9. O-O O-O 10. Nc3 a6 11. Bf4 b5 12. Nd5 Nxd5 13. Bxd5 Ra7 14. Rac1
Bd6 15. Bxd6 cxd6 16. Rfe1 h6 17. h3 Bf5 18. Nh4 Bh7 19. f4 Rd8 20. f5 Kf8 21.
g4 Re7 22. Rxe7 Kxe7 23. Rc7+ Rd7 24. Rc8 Rd8 25. Rxd8 Kxd8 26. Bxf7 Nc6 27.
Nf3 Ke7 28. Bd5 Nb4 29. Bb7 a5 30. a3 Nd3 31. Ba6 Nxb2 32. Bxb5 Bg8 33. Nd2 Bd5
34. Kf2 Nd1+ 35. Kg3 Ne3 36. Bd3 Kf6 37. Be4 Ba2 38. Kf4 Nd1 39. h4 Nc3 40. g5+
hxg5+ 41. hxg5+ Ke7 42. Bd3 Nd5+ 43. Kg4 Ne3+ 44. Kf3 Nd5 45. Bc4 Bxc4 46. Nxc4
a4 47. Ne3 Nc3 48. Nc2 Kf7 49. Ke3 Nb5 50. Ke4 Ke7 51. Kd5 Nc3+ 52. Kc4 Ne4 53.
Kb5 Nxg5 54. Kxa4 Kd7 55. Kb5 Kc7 56. a4 Nf3 57. a5 Nh4 58. Ne3 Nf3 59. Kc4 Kc6
60. Nd5 Kb7 61. Ne7 Ka6 62. Nc8 Kxa5 63. Nxd6 Kb6 64. Ne8 Kc6 65. Nxg7 Kd6 66.
Nh5 Ng5 67. Ng3 Kc6 68. Ne2 Nf7 69. d5+ Kd6 70. Kd4 Ne5 71. Nc3 Nf7 72. Ne4+
Ke7 73. Kc5 Nh6 74. f6+ Kd7 75. Ng5 Nf5 76. Nf3 Ng3 77. Ne5+ Ke8 78. f7+ Kf8
79. d6 Ne4+ 80. Kd5 1-0

[Event "34 OFSz o Puchar Prezydenta Miasta Zabrz"]
[Site "Zabrze ul. Matejki 6"]
[Date "2011.09.25"]
[Round "5.2"]
[White "Kastelik, Adrian"]
[Black "Mulet, Piotr"]
[Result "1/2-1/2"]
[WhiteElo "2048"]
[BlackElo "2284"]
[PlyCount "174"]
[EventDate "2011.??.??"]

1. e4 c5 2. c3 e6 3. d4 d5 4. exd5 exd5 5. Bb5+ Bd7 6. Qe2+ Qe7 7. Bxd7+ Nxd7
8. dxc5 Nxc5 9. Be3 Nf6 10. Bxc5 Qxe2+ 11. Nxe2 Bxc5 12. Nd2 Ne4 13. Nxe4 dxe4
14. Ng3 O-O-O 15. O-O Rhe8 16. Rae1 e3 17. fxe3 Rxe3 18. Rxe3 Bxe3+ 19. Kh1 Rd2
20. Nf5 Bf2 21. g4 Kd7 22. Nxg7 Rxb2 23. a4 Kc6 24. Ne8 a5 25. Nf6 b5 26. axb5+
Kxb5 27. Ne4 Bb6 28. Nd6+ Kc5 29. Nb7+ Kc6 30. Nxa5+ Bxa5 31. Rf6+ Kd7 32.
Rxf7+ Ke6 33. Rxh7 Bxc3 34. Rh3 Be5 35. Re3 Rxh2+ 36. Kg1 Rh4 37. Kg2 Rxg4+ 38.
Kf3 Rf4+ 39. Ke2 Kd5 40. Kd3 Ra4 41. Ke2 Bd4 42. Rd3 Ke4 43. Rd2 Ra7 44. Rc2
Rf7 45. Kd2 Rg7 46. Ke2 Rg1 47. Kd2 Rg3 48. Ke2 Rh3 49. Kd2 Rh5 50. Ke2 Rh4 51.
Kd2 Rh3 52. Ke2 Bc3 53. Kd1 Kd3 54. Rd2+ Kc4 55. Ra2 Re3 56. Re2 Rd3+ 57. Kc2
Bd4 58. Re8 Ra3 59. Re2 Rc3+ 60. Kd2 Kd5 61. Kd1 Rf3 62. Kc2 Be3 63. Kd3 Bg5+
64. Kc2 Bf4 65. Kd1 Kd4 66. Rc2 Ke4 67. Ke2 Rh3 68. Rc4+ Kf5 69. Rc2 Kg4 70.
Rc4 Re3+ 71. Kd2 Re8+ 72. Kc3 Kf3 73. Kb3 Be5 74. Rb4 Ke3 75. Rb5 Kd3 76. Rd5+
Bd4 77. Rb5 Re1 78. Kb4 Ra1 79. Kb3 Rc1 80. Kb4 Bc3+ 81. Kb3 Kd4 82. Ka4 Be1
83. Kb3 Bc3 84. Ka4 Ra1+ 85. Kb3 Bd2 86. Kc2 Kc4 87. Rb7 Bb4 1/2-1/2

[Event "34 OFSz o Puchar Prezydenta Miasta Zabrz"]
[Site "Zabrze ul. Matejki 6"]
[Date "2011.09.25"]
[Round "5.3"]
[White "Korcz, Daniel"]
[Black "Kielar, Maciej"]
[Result "0-1"]
[WhiteElo "1833"]
[BlackElo "2098"]
[PlyCount "62"]
[EventDate "2011.??.??"]

1. e4 c5 2. Nf3 g6 3. d4 cxd4 4. Nxd4 Bg7 5. Bc4 Nc6 6. Be3 Nf6 7. Nc3 O-O 8.
O-O d6 9. h3 Bd7 10. Qd2 Ne5 11. Bb3 Rc8 12. Qe2 Rxc3 13. bxc3 Nxe4 14. Bd2
Nxd2 15. Qxd2 Qc7 16. Rfe1 e6 17. Rab1 b6 18. a4 Rc8 19. Ne2 d5 20. f4 Nc4 21.
Qd3 Na5 22. Qa6 Bc6 23. Qd3 Bb7 24. Red1 Re8 25. Ba2 Qc8 26. Qd2 Ba6 27. Nd4
Qd7 28. Nb5 Rc8 29. c4 Nxc4 30. Qd3 Bxb5 31. axb5 Nb2 0-1

[Event "34 OFSz o Puchar Prezydenta Miasta Zabrz"]
[Site "Zabrze ul. Matejki 6"]
[Date "2011.09.25"]
[Round "5.4"]
[White "Sroka, Janusz"]
[Black "Jelen, Janusz"]
[Result "1-0"]
[WhiteElo "2080"]
[BlackElo "2013"]
[PlyCount "43"]
[EventDate "2011.??.??"]

1. e4 c6 2. d4 d5 3. e5 Bf5 4. Nf3 e6 5. Be2 Nd7 6. O-O Ne7 7. c4 c5 8. Nc3
dxc4 9. Bxc4 Nc6 10. d5 Ncxe5 11. Nxe5 Nxe5 12. Qa4+ Nd7 13. Re1 Be7 14. dxe6
Bxe6 15. Bxe6 fxe6 16. Qc4 Rf8 17. Qxe6 Nf6 18. Bg5 Qd7 19. Qe5 Kf7 20. Rad1
Qe8 21. Qe6+ Kg6 22. Bxf6 1-0

[Event "34 OFSz o Puchar Prezydenta Miasta Zabrz"]
[Site "Zabrze ul. Matejki 6"]
[Date "2011.09.25"]
[Round "5.5"]
[White "Radzikowski, Dawid"]
[Black "Szczecina, Kamil"]
[Result "0-1"]
[WhiteElo "2019"]
[BlackElo "1772"]
[PlyCount "82"]
[EventDate "2011.??.??"]

1. e4 c5 2. Nc3 Nc6 3. d3 e5 4. Be3 d6 5. g3 g6 6. Bg2 Bg7 7. Qd2 h5 8. h3 Nge7
9. Nge2 Rb8 10. O-O O-O 11. Bh6 Be6 12. Bxg7 Kxg7 13. Kh2 Qd7 14. f4 f5 15. Rf2
Rh8 16. Raf1 h4 17. g4 fxg4 18. hxg4 exf4 19. Rxf4 Ne5 20. Bh3 Bxg4 21. Bxg4
Nxg4+ 22. Kg1 Ne5 23. d4 cxd4 24. Qxd4 N7c6 25. Rf7+ Qxf7 26. Rxf7+ Kxf7 27.
Qd5+ Kg7 28. Nf4 h3 29. Qxd6 h2+ 30. Kh1 Rh4 31. Ncd5 Ng4 32. Qxg6+ Kh8 33. Nd3
Rg8 34. N5f4 Nce5 35. Nxe5 Nf2+ 36. Kg2 h1=Q+ 37. Kxf2 Rxf4+ 38. Ke3 Qc1+ 39.
Kd4 Rxg6 40. Nxg6+ Kg7 41. Nxf4 Qxf4 0-1

[Event "34 OFSz o Puchar Prezydenta Miasta Zabrz"]
[Site "Zabrze ul. Matejki 6"]
[Date "2011.09.25"]
[Round "5.6"]
[White "Czarnecki, Artur"]
[Black "Kuciel, Wladyslaw"]
[Result "1-0"]
[WhiteElo "1870"]
[BlackElo "2021"]
[PlyCount "112"]
[EventDate "2011.??.??"]

1. e4 c5 2. Nc3 a6 3. g3 Nc6 4. Bg2 Nf6 5. d3 g6 6. f4 d6 7. Nf3 Bg7 8. O-O O-O
9. h3 Rb8 10. Be3 b5 11. Qd2 b4 12. Ne2 a5 13. c3 Ba6 14. Rab1 c4 15. e5 cxd3
16. exf6 dxe2 17. fxg7 exf1=Q+ 18. Bxf1 Kxg7 19. Bxa6 Qd7 20. Kh2 Qe6 21. b3
Qf6 22. Rc1 Kg8 23. Qd5 Qe6 24. Qxe6 fxe6 25. Nd4 Nxd4 26. Bxd4 bxc3 27. Rxc3
Rb4 28. Be3 a4 29. bxa4 d5 30. a3 Rxa4 31. Bb5 Re4 32. Bf2 g5 33. Re3 e5 34.
Rxe4 dxe4 35. f5 Rxf5 36. Kg2 Rf3 37. a4 Ra3 38. Bb6 Ra2+ 39. Kf1 Rb2 40. Bc4+
Kf8 41. a5 Ke8 42. Be3 Kd7 43. a6 Kc6 44. a7 Rb1+ 45. Ke2 Ra1 46. Be6 h6 47.
Bf5 Ra2+ 48. Kd1 Kd5 49. Bc8 Kc6 50. Kc1 Ra1+ 51. Kb2 Ra4 52. Kb3 Ra1 53. Kb4
Rb1+ 54. Kc4 Ra1 55. Bf5 Ra4+ 56. Kb3 Kb5 1-0